Catálogo

Rebelión en la granja ; (Registro nro. 67723)

Detalles MARC
000 -LEADER
fixed length control field 00957ctm a2200301 i 4500
001 - CONTROL NUMBER
control field 67723
003 - CONTROL NUMBER IDENTIFIER
control field Mx-PuUPA
005 - DATE AND TIME OF LATEST TRANSACTION
control field 20200131132459.0
008 - FIXED-LENGTH DATA ELEMENTS--GENERAL INFORMATION
fixed length control field 170922s2007 mx r 000 0 spa d
020 ## - INTERNATIONAL STANDARD BOOK NUMBER
International Standard Book Number 9789681522049
040 ## - CATALOGING SOURCE
Original cataloging agency MX-PuUPA
Language of cataloging spa
Description conventions rda
Transcribing agency Mx-PuUPA
Modifying agency Mx-PuUPA
041 1# - LANGUAGE CODE
Language code of text/sound track or separate title spa
Language code of original und
100 1# - MAIN ENTRY--PERSONAL NAME
Personal name Orwell, George,
Relator term autor
245 10 - TITLE STATEMENT
Title Rebelión en la granja ;
Remainder of title 1984 /
Statement of responsibility, etc. George Orwell ; traducción de Federico Ruvalcaba Loera.
246 13 - VARYING FORM OF TITLE
Title proper/short title Mil novecientos ochenta y cuatro
250 ## - EDITION STATEMENT
Edition statement Primera edición
264 #1 - PRODUCTION, PUBLICATION, DISTRIBUTION, MANUFACTURE, AND COPYRIGHT NOTICE
Place of production, publication, distribution, manufacture México :
Name of producer, publisher, distributor, manufacturer Editores Mexicanos Unidos
Date of production, publication, distribution, manufacture, or copyright notice 2007
300 ## - PHYSICAL DESCRIPTION
Extent 416 páginas ;
Dimensions 23 cm.
336 ## - CONTENT TYPE
Content type term texto
Fuente rdacontent
Content type code txt
337 ## - MEDIA TYPE
Media type term sin medio
Source rdamedia
Media type code n
338 ## - CARRIER TYPE
Carrier type term volumen
Source rdacarrier
Carrier type code nc
490 0# - SERIES STATEMENT
Series statement Colección inolvidables de la literatura
650 #4 - SUBJECT ADDED ENTRY--TOPICAL TERM
Topical term or geographic name entry element Novela Inglesa
650 #4 - SUBJECT ADDED ENTRY--TOPICAL TERM
Topical term or geographic name entry element Novela política
740 02 - ADDED ENTRY--UNCONTROLLED RELATED/ANALYTICAL TITLE
Uncontrolled related/analytical title 1984
942 ## - ADDED ENTRY ELEMENTS (KOHA)
Classification part 823
Item part ORW
Koha item type Libro
Source of classification or shelving scheme Dewey Decimal Classification
Existencias
Withdrawn status Lost status Source of classification or shelving scheme Damaged status Not for loan Collection code Home library Current library Shelving location Date acquired Source of acquisition Total Checkouts Full call number Barcode Price effective from Koha item type
    Dewey Decimal Classification     General Santiago Santiago Sala general 22/09/2017 Compra   823 ORW 2007 800040 22/09/2017 Libro
    Dewey Decimal Classification     General Santiago Santiago Sala general 22/09/2017 Compra   823 ORW 2007 800039 22/09/2017 Libro